Normal view
MARC view
Entry Personal Name
001 - CONTROL NUMBER
- control field: 36173
003 - CONTROL NUMBER IDENTIFIER
- control field: OSt
005 - DATE AND TIME OF LATEST TRANSACTION
- control field: 20211105135832.0
008 - FIXED-LENGTH DATA ELEMENTS
- fixed length control field: 211105|| aca||aabn | a|a d
040 ## - CATALOGING SOURCE
- Original cataloging agency: OSt
- Transcribing agency: OSt
100 ## - HEADING--PERSONAL NAME
- Personal name: Prugniel, P., ed
670 ## - SOURCE DATA FOUND
- Source citation: Work cat.: (OSt): International Workshop on Stellar Spectral Libraries (IWSSL 2013) Rhone-Alpes, France 2013 36172, Proceedings of the international workshop on stellar spectral libraries (IWSSL 2013), 2014